Factors affecting women’s labour force participation in Sri Lanka (Record no. 4601)

MARC details
000 -LEADER
fixed length control field 00699nam a2200181 4500
008 - FIXED-LENGTH DATA ELEMENTS--GENERAL INFORMATION
fixed length control field 240107b |||||||| |||| 00| 0 eng d
020 ## - ISBN
ISBN 9789221285175
082 ## - DEWEY DECIMAL CLASSIFICATION NUMBER
Classification number 331.4
Item number INT
942 ## - ADDED ENTRY ELEMENTS (KOHA)
Item Type Reports
110 ## - MAIN ENTRY--CORPORATE NAME
Corporate Name ILO Country Office for Sri Lanka and the Maldives
245 ## - TITLE STATEMENT
Title Factors affecting women’s labour force participation in Sri Lanka
260 ## - PUBLICATION, DISTRIBUTION, ETC. (IMPRINT)
Place of Publication Colombo:
Name of Publisher International Labour Organization,
Date of Copyright 2016
300 ## - PHYSICAL DESCRIPTION
Extent v., 113 p.
Physical Details Bibliography included
856 ## - ELECTRONIC LOCATION AND ACCESS
Uniform Resource Identifier <a href="https://www.ilo.org/wcmsp5/groups/public/---asia/---ro-bangkok/---ilo-colombo/documents/publication/wcms_551675.pdf">https://www.ilo.org/wcmsp5/groups/public/---asia/---ro-bangkok/---ilo-colombo/documents/publication/wcms_551675.pdf</a>
650 ## - SUBJECT ADDED ENTRY--TOPICAL TERM
Topical Term Women workers
650 ## - SUBJECT ADDED ENTRY--TOPICAL TERM
Topical Term Labour force participation
650 ## - SUBJECT ADDED ENTRY--TOPICAL TERM
Topical Term Labour market segmentation
Holdings
Withdrawn status Lost status Source of classification or shelving scheme Damaged status Not for loan Permanent location Current location Date acquired Total Checkouts Full call number Barcode Date last seen Price effective from Koha item type
    Dewey Decimal Classification     Resource center, Muslim Women's Research And Action Forum Resource center, Muslim Women's Research And Action Forum 2024-01-07   331.4 INT RAF4692 2024-01-07 2024-01-07 Reports

Copyright © 2023 Muslim Women's Research and Action Forum (MWRAF), No 27/3, Anderson Road, Kalubowila, Dehiwela. Funded by The Asia Fundation